| Tag |
First Indicator |
Second Indicator |
Subfields |
| LEADER |
00000cam a2200000Ia 4500 |
| 001 |
in00002859021 |
| 005 |
20151202173319.0 |
| 008 |
130208s1968 caua 000 0 eng d |
| 035 |
|
|
|a (OCoLC)ocn826998406
|
| 035 |
|
|
|a (OCoLC)826998406
|
| 040 |
|
|
|a TXA
|c TXA
|d UtOrBLW
|
| 043 |
|
|
|a n-us-ca
|
| 049 |
|
|
|a TXAM
|
| 090 |
|
|
|a F868.S4
|b M67 1968
|
| 245 |
0 |
0 |
|a Moro Rock :
|b its history, biology and geology.
|
| 264 |
|
1 |
|a Three Rivers, Calif. :
|b Sequoia Natural History Association,
|c [1968]
|
| 264 |
|
4 |
|c ©1968
|
| 300 |
|
|
|a 9 pages :
|b illustrations ;
|c 23 cm.
|
| 336 |
|
|
|a text
|b txt
|2 rdacontent
|
| 337 |
|
|
|a unmediated
|b n
|2 rdamedia
|
| 338 |
|
|
|a volume
|b nc
|2 rdacarrier
|
| 500 |
|
|
|a Cover title.
|
| 536 |
|
|
|a The Al Stonestreet Parks and Recreation Collection, 1997.
|
| 650 |
|
0 |
|a Granite outcrops
|z California
|z Sequoia National Park.
|
| 651 |
|
0 |
|a Sequoia National Park (Calif.)
|
| 710 |
2 |
|
|a Sequoia Natural History Association.
|
| 994 |
|
|
|a C0
|b TXA
|
| 948 |
|
|
|a cataloged
|b h
|c 2013/2/8
|d o
|e nbehmer
|f 9:33:24 am
|
| 999 |
|
|
|a MARS
|
| 999 |
f |
f |
|s 593b8d47-adab-3cce-be41-aa4025364889
|i 52f29e9c-eaca-3e53-ae0d-2365e597b37b
|t 0
|
| 952 |
f |
f |
|p noncirc
|a Texas A&M University
|b College Station
|c Cushing Memorial Library & Archives
|d Cushing: Stonestreet (Does not check out)
|t 0
|e F868.S4 M67 1968
|h Library of Congress classification
|i unmediated -- volume
|
| 998 |
f |
f |
|a F868.S4 M67 1968
|t 0
|l Cushing: Stonestreet (Does not check out)
|